Multikultúrna abeceda HR manažéra

Pokračovanie článku z predchádzajúceho čísla o pôsobení a komunikácii v multikultúrnom firemnom prostredí.

Gespeichert in:
Bibliographische Detailangaben
1. Verfasser: Gáboríková, Eva
Format: Buchkapitel
Sprache:Slowakisch
Schlagworte:
Tags: Tag hinzufügen
Keine Tags, Fügen Sie das erste Tag hinzu!

MARC

LEADER 00000naa a2200000 4500
001 0200377
005 20230912114607.2
041 0 |a slo 
044 |a SK 
245 1 0 |a Multikultúrna abeceda HR manažéra  |c Eva Gáboríková 
520 |a Pokračovanie článku z predchádzajúceho čísla o pôsobení a komunikácii v multikultúrnom firemnom prostredí. 
610 2 0 |a manažment 
610 2 0 |a manažéri 
610 2 0 |a komunikácia manažérska 
610 2 0 |a komunikácia multikultúrna 
610 2 0 |a technika riadenia 
610 2 0 |a kultúra podniková 
610 2 0 |a hodnota 
100 1 |a Gáboríková, Eva